Harry Potter A-Z Quiz Stats

 Plays Quiz not verified by Sporcle

Support Sporcle.
Go Orange.
Score 0/26 Timer 10:00
0 Plays Today
Hints Names % Correct
The boy who livedHarry Potter
86%
A companion of Draco MalfoyGregory Goyle
84.2%
Voldemort's petNagini
84.2%
Brought a troll into HogwartsQuirinus Quirrell
82.4%
Only wants to serve Mrs. BlackKreacher
82%
Harry's vain teacher for DADA in year twoLockhart
81.1%
A celebrated wandmakerOllivander
81.1%
The Weasley family owlErrol
79.3%
Founder of the house of HufflepuffHelga Hufflepuff
79.3%
Neville Longbottoms ToadTrevor
78.8%
The Centaur who challenged Sybil Trelawney's jobFirenze
77.5%
Author of ''A History Of Magic''Bathilda Bagshot
77%
Left a scar on the back of Harry's handDolores Umbridge
77%
Hints Names % Correct
A charm that makes objects flyWingardium Leviosa
71.2%
Stole the large slytherin lockart from KreacherMundungus
70.3%
Father to Luna LovegoodXenophilius Lovegood
66.2%
Sister of Albus DumbledoreAriana Dumbledore
65.3%
A Death Eater who accompanies Harry, Ron, Hermione and Griphook into gringotts.Yaxley
65.3%
A great friend to Rubeus HagridAragog
64.9%
A plant that disappears at sunlightDevils snare
57.7%
Harry uses this person to gain entrance to Draco's carriage in HP6Blaise Zabini
57.7%
The name and appearence Ron Weasley took on when infiltrating the ministryReg Cattermole
56.8%
The name and appearance Harry Potter takes on when inflitrating the ministry of magicAlbert Runcorn
50%
Offspring of Bill and Fleur WeasleyVictoire Weasley
47.7%
Author of ''The Dream Oracle''Inigo Imago
17.1%
Beater for the Chudley CannonsJoey Jenkins
12.6%

You're not logged in!

Compare scores with friends on all Sporcle quizzes.
OR
Log In

From the Vault

Spot the Difference XVI

by Cutthroat

This quiz really hits the spot.
Remove Ads.
Support Sporcle.
Get the best of Sporcle when you Go Orange. This ad-free experience offers more features, more stats, and more fun while also helping to support Sporcle. Thank you for becoming a member.

Show Comments

Extras

Top Quizzes Today


Score Distribution

Your Account Isn't Verified!

In order to create a playlist on Sporcle, you need to verify the email address you used during registration. Go to your Sporcle Settings to finish the process.

Report this User

Report this user for behavior that violates our Community Guidelines.

Details: